00729 2200229 4500001002100000005001500021035002000036007000300056008004100059020002200100082001000122084001600132100003000148245012700178250000600305260004000311300002900351700002900380700005600409650001700465990001700482INLIS00000000000099120260604085456 a0010-0823000155ta260604 c 0 ind  a978-602-489-061-2 a625.1 a625.1 NOV k0 aNovia Sabda ( Pengarang )1 aKehebatan Transportasi Dunia /cNovia Sabda, Veni Akram , Ummi Arie, dkk : Penyunting, Novia Sabda dan Wulan Mulya Pratiwi a- aJakarta :bWonderland Publisher,c- a140 :bilus. ;c26 cme-0 aVeni Akram ( Pengarang )0 aNovia Sabda dan Wulan Mulya Pratiwi ( Penyunting ) 4aensiklopedia a00078/K/2022